Company law : fundamental principles (Record no. 101692)

MARC details
000 -LEADER
fixed length control field 00519cam a2200217 4500
008 - FIXED-LENGTH DATA ELEMENTS--GENERAL INFORMATION
fixed length control field 011012n2000 000 0 eng u
020 ## - INTERNATIONAL STANDARD BOOK NUMBER
International Standard Book Number 0273642219
035 ## - SYSTEM CONTROL NUMBER
System control number (Sirsi) u115081
050 ## - LIBRARY OF CONGRESS CALL NUMBER
Classification number 346.41066
100 ## - MAIN ENTRY--PERSONAL NAME
Personal name Griffin, S.
245 ## - TITLE STATEMENT
Title Company law : fundamental principles
250 ## - EDITION STATEMENT
Edition statement 3rd ed.
260 ## - PUBLICATION, DISTRIBUTION, ETC.
Place of publication, distribution, etc. Harlow
Name of publisher, distributor, etc. Longman
Date of publication, distribution, etc. 2000
300 ## - PHYSICAL DESCRIPTION
Extent xli,386p.
Dimensions 24cm.
350 ## - PRICE (NR) (BK AM CF MU VM SE) [OBSOLETE]
Price 25.99
650 ## - SUBJECT ADDED ENTRY--TOPICAL TERM
Topical term or geographic name entry element BUSINESS LAW
650 ## - SUBJECT ADDED ENTRY--TOPICAL TERM
Topical term or geographic name entry element COMPANY LAW
690 ## - LOCAL SUBJECT ADDED ENTRY--TOPICAL TERM (OCLC, RLIN)
Topical term or geographic name as entry element LAW
700 ## - ADDED ENTRY--PERSONAL NAME
Personal name Hirst, M.
942 ## - ADDED ENTRY ELEMENTS (KOHA)
Suppress in OPAC 0
Source of classification or shelving scheme Dewey Decimal Classification
Holdings
Withdrawn status Lost status Source of classification or shelving scheme Damaged status Not for loan Home library Current library Shelving location Date acquired Cost, normal purchase price Total Checkouts Full call number Barcode Date last seen Date last checked out Copy number Cost, replacement price Price effective from Koha item type
    Dewey Decimal Classification     London London Books 30/10/2001 22.09 13 346.41066 GRI 30065037 06/08/2019 23/12/2005 1 22.09 06/08/2019 Book